[Event "SK Königsspringer Iserlohn 1 - Klub K�"]
[Site "NRW-Liga - Gruppe 2 2019/2020"]
[Date "2020.02.16"]
[Round "6.4"]
[White "Messarius, Juergen"]
[Black "Wacker, Peter"]
[Result "0-1"]
[WhiteElo "2136"]
[BlackElo "2261"]
[PlyCount "116"]
[EventDate "2020.??.??"]
[SourceVersionDate "2020.03.16"]
[WhiteTeam "SK Königsspringer Iserlohn 1"]
[BlackTeam "Klub Kölner SF 1"]

1. e4 e5 2. Nf3 Nc6 3. d4 exd4 4. Nxd4 Nf6 5. Nxc6 bxc6 6. e5 Qe7 7. Qe2 Nd5 8.
c4 Ba6 9. h4 Nb6 10. b3 d5 11. exd6 cxd6 12. Rh3 O-O-O 13. Bg5 f6 14. Bd2 Qd7
15. Qh5 f5 16. c5 Bxf1 17. cxb6 Bxg2 18. bxa7 Kb7 19. Re3 f4 20. Re2 g6 21. Qg5
Bf3 22. Bc3 Rg8 23. Qxf4 Bxe2 24. Kxe2 d5 25. Nd2 Bc5 26. Rf1 Rgf8 27. Qa4
Rde8+ 28. Kd1 Rxf2 29. Rxf2 Bxf2 30. a8=Q+ Rxa8 31. Qb4+ Bb6 32. a4 c5 33. Qf4
Re8 34. a5 Bc7 35. Qf2 Qg4+ 36. Kc1 d4 37. Bb2 Bf4 38. Kb1 Qg3 39. Qxg3 Bxg3
40. Ba3 Kc6 41. Nc4 Bc7 42. Bc1 Kb5 43. Kc2 Re4 44. Bg5 Rg4 45. Be7 Bxa5 46.
Kd3 Rg3+ 47. Ke4 Rxb3 48. Kd5 Bb4 49. Nd6+ Ka6 50. Ne4 Re3 51. Bg5 Rxe4 52.
Kxe4 Kb5 53. Kd3 Ba5 54. Bf4 Bb6 55. Bg3 c4+ 56. Kc2 d3+ 57. Kd2 Kb4 58. Be5
Kb3 0-1

[Event "SK Königsspringer Iserlohn 1 - Klub K�"]
[Site "NRW-Liga - Gruppe 2 2019/2020"]
[Date "2020.02.16"]
[Round "6.5"]
[White "Bayer, Ernst-Wolfgang"]
[Black "Kind, Bertram"]
[Result "1-0"]
[WhiteElo "2215"]
[BlackElo "2070"]
[PlyCount "51"]
[EventDate "2020.??.??"]
[SourceVersionDate "2020.03.16"]
[WhiteTeam "Klub Kölner SF 1"]
[BlackTeam "SK Königsspringer Iserlohn 1"]

1. Nf3 Nf6 2. g3 e6 3. Bg2 d5 4. d4 c5 5. O-O Nc6 6. c4 Be7 7. cxd5 Nxd5 8.
dxc5 Bxc5 9. a3 a5 10. Qc2 Qe7 11. e4 Nb6 12. e5 h6 13. Nc3 Nd7 14. Ne4 O-O 15.
Rd1 Ba7 16. Bxh6 Ndxe5 17. Nxe5 Nxe5 18. Bf4 Bb8 19. Ng5 Ng6 20. Be3 Ba7 21.
Bxa7 Rxa7 22. h4 b5 23. Be4 Rc7 24. Qe2 f5 25. Qh5 Re8 26. Qxg6 1-0

[Event "SK Königsspringer Iserlohn 1 - Klub K�"]
[Site "NRW-Liga - Gruppe 2 2019/2020"]
[Date "2020.02.16"]
[Round "6.6"]
[White "Runtemund, Rene"]
[Black "Bonnmann, Reinhard"]
[Result "0-1"]
[WhiteElo "2023"]
[BlackElo "2202"]
[PlyCount "56"]
[EventDate "2020.??.??"]
[SourceVersionDate "2020.03.16"]
[WhiteTeam "SK Königsspringer Iserlohn 1"]
[BlackTeam "Klub Kölner SF 1"]

1. e4 c5 2. b4 cxb4 3. Bb2 Nf6 4. e5 Nd5 5. Bc4 Nb6 6. Bb3 e6 7. Nh3 Nc6 8. O-O
{(=)} Na5 9. d3 Nxb3 10. axb3 Nd5 11. c4 bxc3 12. Nxc3 Nxc3 13. Bxc3 Qc7 14.
Rc1 b6 15. f4 Bb7 16. Bb4 Qd8 17. Bxf8 Rxf8 18. Qh5 h6 19. f5 Rc8 20. f6 Rxc1
21. Rxc1 gxf6 22. Qxh6 fxe5 23. Ng5 Bc6 24. Rf1 Rg8 25. h4 f5 26. g4 Qe7 27.
Kh2 Qb4 28. Nxe6 Qxg4 0-1

[Event "SK Königsspringer Iserlohn 1 - Klub K�"]
[Site "NRW-Liga - Gruppe 2 2019/2020"]
[Date "2020.02.16"]
[Round "6.7"]
[White "Wisskirchen, Andreas"]
[Black "Franz, Christian"]
[Result "1-0"]
[WhiteElo "2196"]
[BlackElo "2026"]
[PlyCount "97"]
[EventDate "2020.??.??"]
[SourceVersionDate "2020.03.16"]
[WhiteTeam "Klub Kölner SF 1"]
[BlackTeam "SK Königsspringer Iserlohn 1"]

1. Nf3 Nf6 2. c4 g6 3. Nc3 Bg7 4. e4 d6 5. d4 O-O 6. Be2 e5 7. O-O Nc6 8. Be3
Ng4 9. Bg5 f6 10. Bh4 g5 11. Bg3 exd4 12. Nxd4 Nxd4 13. Qxd4 Be6 14. Qd2 Ne5
15. Nd5 f5 16. exf5 Bxf5 17. Rad1 Kh8 18. b4 Bg6 19. a4 b6 20. b5 Rf7 21. f4
gxf4 22. Nxf4 Qd7 23. Nxg6+ Nxg6 24. Rxf7 Qxf7 25. Qd5 Qxd5 26. cxd5 Re8 27.
Bf3 Bh6 {(=)} 28. Re1 Rxe1+ 29. Bxe1 Bg7 30. Kf1 Bf6 31. Ke2 Kg7 32. Be4 Ne5
33. h3 Nd7 34. Bc2 Nc5 35. Kf3 Nd7 36. Ke4 Nc5+ 37. Kf5 Kf7 38. g4 h6 39. Bd2
Kg7 40. Bxh6+ Kf7 41. g5 Be7 42. h4 Kg8 43. h5 a6 44. g6 axb5 45. axb5 Bh4 46.
Bf4 Nd7 47. h6 Nf8 48. g7 Nh7 49. Kg6 1-0

[Event "SK Königsspringer Iserlohn 1 - Klub K�"]
[Site "NRW-Liga - Gruppe 2 2019/2020"]
[Date "2020.02.16"]
[Round "6.8"]
[White "Marchenko, Dimitrij"]
[Black "Schmidt, Martin"]
[Result "0-1"]
[WhiteElo "1856"]
[BlackElo "2189"]
[PlyCount "92"]
[EventDate "2020.??.??"]
[SourceVersionDate "2020.03.16"]
[WhiteTeam "SK Königsspringer Iserlohn 1"]
[BlackTeam "Klub Kölner SF 1"]

1. e4 c5 2. Nc3 Nc6 3. g3 g6 4. Bg2 Bg7 5. f4 d6 6. d3 Rb8 7. Nf3 b5 8. O-O b4
9. Ne2 e6 10. c3 Nge7 11. Be3 O-O 12. d4 bxc3 13. bxc3 cxd4 14. cxd4 Ba6 15.
Re1 Qa5 16. Nc1 Rfc8 17. Nb3 Qa4 18. Bf1 Bxf1 19. Rxf1 Nb4 20. Rf2 Rc3 21. Bd2
Rc4 22. Qf1 Rc7 23. Bxb4 Qxb4 24. Rc1 Rbc8 25. Rxc7 Rxc7 26. Qa6 h6 27. Kg2 Kh7
28. Qa5 Qb7 29. Qe1 Bf8 30. h4 Ng8 31. Re2 Nf6 32. Kg1 d5 33. exd5 Nxd5 34. Ne5
Rc3 35. Kh2 h5 36. Qf2 f6 37. Nf3 Nxf4 38. Re3 Nd5 39. Rxc3 Nxc3 40. Ng5+ fxg5
41. Qxf8 gxh4 42. gxh4 Nd5 43. Nc5 Qb2+ 44. Kg3 Qc3+ 45. Qf3 Qxd4 46. Ne4 Qe5+
0-1

[Event "Klub Kölner SF 1 - SF Brackel 1"]
[Site "NRW-Liga - Gruppe 2 2019/2020"]
[Date "2020.03.08"]
[Round "7.1"]
[White "Luft, Dennis"]
[Black "Strohhaeker, Raoul"]
[Result "1/2-1/2"]
[WhiteElo "2254"]
[BlackElo "2424"]
[PlyCount "131"]
[EventDate "2020.??.??"]
[SourceVersionDate "2020.03.16"]
[WhiteTeam "SF Brackel 1"]
[BlackTeam "Klub Kölner SF 1"]

1. e4 c5 2. d3 Nc6 3. g3 g6 4. Bg2 Bg7 5. f4 e6 6. Nf3 Nge7 7. O-O O-O 8. c3 b6
9. Be3 Ba6 10. Rf2 d6 11. Rd2 Qc7 12. d4 Rad8 13. Na3 cxd4 14. cxd4 d5 15. e5
b5 16. Bf1 Qb6 17. Qe2 Rb8 18. Rc1 Rfc8 19. Rdc2 Bf8 20. g4 Nb4 21. Rxc8 Rxc8
22. Rxc8 Nxc8 23. b3 Qa5 24. Nxb5 Nxa2 25. Qd2 Nb4 26. Nc3 Bxf1 27. Kxf1 Nb6
28. f5 Nc6 29. fxe6 fxe6 30. Ng5 Nd8 31. Ne2 Qb5 32. Qc2 Qd7 33. h4 Bh6 34. Qd3
Nf7 35. Nxf7 Qxf7+ 36. Kg2 Bf8 37. Bg5 Nd7 38. Qa6 h6 39. Bd8 h5 40. gxh5 gxh5
41. Bg5 Bb4 42. Nf4 Nf8 43. Qe2 Ng6 44. Nxh5 Qf5 45. Qa6 Qg4+ 46. Kh2 Qxh5 47.
Qxe6+ Kf8 48. Qf5+ Ke8 49. Qc8+ Kf7 50. Qb7+ Be7 51. Qxd5+ Kg7 52. Bxe7 Nxe7
53. Qe4 Qf5 54. Qb7 Qf4+ 55. Kh3 Qe3+ 56. Kh2 Qd2+ 57. Kh3 Qc3+ 58. Kh2 Qb2+
59. Kg3 Qa3 60. Kg4 Kf7 61. d5 Qc5 62. d6 Qg1+ 63. Kh3 Qf1+ 64. Kg3 Qg1+ 65.
Kh3 Qf1+ 66. Kg3 1/2-1/2

[Event "Klub Kölner SF 1 - SF Brackel 1"]
[Site "NRW-Liga - Gruppe 2 2019/2020"]
[Date "2020.03.08"]
[Round "7.2"]
[White "Morawietz, Dieter"]
[Black "Kartsev, Soel"]
[Result "1/2-1/2"]
[WhiteElo "2395"]
[BlackElo "2167"]
[PlyCount "77"]
[EventDate "2020.??.??"]
[SourceVersionDate "2020.03.16"]
[WhiteTeam "Klub Kölner SF 1"]
[BlackTeam "SF Brackel 1"]

1. d4 Nf6 2. c4 e6 3. Nf3 b6 4. g3 Ba6 5. Qc2 Bb4+ 6. Bd2 Be7 7. Bg2 c6 8. O-O
d5 9. Ne5 O-O 10. Re1 Nfd7 11. Nxd7 Nxd7 12. cxd5 cxd5 13. Qa4 Bb7 14. Na3 a6
15. Bb4 b5 16. Bxe7 Qxe7 17. Qa5 Rfc8 18. Rec1 Qd6 19. Nc2 f6 20. Ne1 Kf7 21.
Nd3 Qb6 22. Qxb6 Nxb6 23. Nc5 Bc6 24. b3 Nd7 25. e4 Nxc5 26. Rxc5 dxe4 27. Rac1
Bb7 28. Rc7+ Kf8 29. Rxc8+ Rxc8 30. Rxc8+ Bxc8 31. Bxe4 f5 32. Ba8 b4 33. Kg2
Ke7 34. Kf3 a5 35. Ke3 h6 36. f4 Kd6 37. Bf3 Bd7 38. h4 Bc6 39. Bxc6 1/2-1/2

[Event "Klub Kölner SF 1 - SF Brackel 1"]
[Site "NRW-Liga - Gruppe 2 2019/2020"]
[Date "2020.03.08"]
[Round "7.3"]
[White "Fluechter, Gregor"]
[Black "Helbig, Mark"]
[Result "1/2-1/2"]
[WhiteElo "2192"]
[BlackElo "2288"]
[PlyCount "119"]
[EventDate "2020.??.??"]
[SourceVersionDate "2020.03.16"]
[WhiteTeam "SF Brackel 1"]
[BlackTeam "Klub Kölner SF 1"]

1. e4 e6 2. d4 d5 3. Nc3 dxe4 4. Nxe4 Bd7 5. Nf3 Bc6 6. Bd3 Nd7 7. Qe2 Be7 8.
O-O Ngf6 9. Ne5 Nxe5 10. dxe5 Nxe4 11. Bxe4 Bxe4 12. Qxe4 Qd5 13. Qa4+ b5 14.
Qf4 O-O 15. b3 Rfd8 16. Bb2 Rd7 17. Rac1 b4 18. c3 Qd2 19. Qe4 c6 20. Rc2 Qd5
21. Qxd5 Rxd5 22. cxb4 Bxb4 23. Rxc6 Rd2 24. Rb1 Rad8 25. g3 Ba5 26. Bc3 Bxc3
27. Rxc3 Rxa2 28. Rbc1 g5 29. Rc8 Rxc8 30. Rxc8+ Kg7 31. g4 Ra5 32. Ra8 h5 33.
gxh5 Rb5 34. Rxa7 Rxb3 35. Kg2 Rb4 36. Kg3 Rh4 37. Ra2 Rxh5 38. f4 gxf4+ 39.
Kxf4 Rh4+ 40. Ke3 Kg6 41. Rg2+ Kf5 42. Rg7 Kxe5 43. Rxf7 Rxh2 44. Ra7 Rh3+ 45.
Ke2 Kf5 46. Ra5+ e5 47. Ra4 Rb3 48. Rc4 Rb5 49. Ke3 Rb1 50. Ra4 Rh1 51. Rb4
Rh3+ 52. Ke2 Rh2+ 53. Ke3 Rh1 54. Ra4 Re1+ 55. Kf2 Re4 56. Rxe4 Kxe4 57. Ke2
Kd4 58. Kd2 e4 59. Ke2 e3 60. Ke1 1/2-1/2

[Event "Klub Kölner SF 1 - SF Brackel 1"]
[Site "NRW-Liga - Gruppe 2 2019/2020"]
[Date "2020.03.08"]
[Round "7.4"]
[White "Bayer, Ernst-Wolfgang"]
[Black "Knudsen, Simon"]
[Result "1/2-1/2"]
[WhiteElo "2215"]
[BlackElo "2158"]
[PlyCount "101"]
[EventDate "2020.??.??"]
[SourceVersionDate "2020.03.16"]
[WhiteTeam "Klub Kölner SF 1"]
[BlackTeam "SF Brackel 1"]

1. d4 g6 2. g3 c5 3. dxc5 Qa5+ 4. c3 Qxc5 5. Bg2 Nf6 6. Be3 Qc7 7. Nf3 Bg7 8.
Qb3 O-O 9. Na3 Nc6 10. Nb5 Qb8 11. O-O b6 12. Rad1 Bb7 13. Bf4 d6 14. h3 Na5
15. Qc2 a6 16. Na3 Qc7 17. Qc1 Rfc8 18. Ne1 b5 19. Qb1 Rab8 20. Nd3 Nc4 21. Nc2
Bxg2 22. Kxg2 Qb7+ 23. f3 a5 24. e4 e5 25. Bg5 d5 26. Bxf6 Bxf6 27. exd5 Qxd5
28. Nf2 Qc6 29. Qc1 Bg7 30. Rfe1 h5 31. h4 b4 32. b3 Nd6 33. c4 Re8 34. Qd2 Nf5
35. Qd5 Qc7 36. Qe4 Rbd8 37. Ne3 Rd4 38. Rxd4 Nxd4 39. Nd5 Qd8 40. Qd3 f5 41.
Qd2 Kh7 42. Qd3 Kg8 43. Qd2 Kh7 44. Qd3 Qd6 45. Nh3 Ra8 46. Qd2 Kg8 47. Ng5 Ra7
48. Rf1 Ra8 49. Re1 Ra7 50. Rf1 Ra8 51. Re1 1/2-1/2

[Event "Klub Kölner SF 1 - SF Brackel 1"]
[Site "NRW-Liga - Gruppe 2 2019/2020"]
[Date "2020.03.08"]
[Round "7.5"]
[White "Steinmetzer, Thomas"]
[Black "Bonnmann, Reinhard"]
[Result "1/2-1/2"]
[WhiteElo "2192"]
[BlackElo "2202"]
[PlyCount "36"]
[EventDate "2020.??.??"]
[SourceVersionDate "2020.03.16"]
[WhiteTeam "SF Brackel 1"]
[BlackTeam "Klub Kölner SF 1"]

1. e4 c5 2. Nf3 Nc6 3. d4 cxd4 4. Nxd4 Nf6 5. Nc3 e5 6. Ndb5 d6 7. Nd5 Nxd5 8.
exd5 Nb8 9. c4 a6 10. Nc3 Be7 11. Bd3 O-O 12. Be3 f5 13. f3 Nd7 14. O-O Bg5 15.
Bf2 Qf6 16. Na4 Qh6 17. Qc2 e4 18. fxe4 Ne5 1/2-1/2

[Event "Klub Kölner SF 1 - SF Brackel 1"]
[Site "NRW-Liga - Gruppe 2 2019/2020"]
[Date "2020.03.08"]
[Round "7.6"]
[White "Wisskirchen, Andreas"]
[Black "Goldschmidt, Christian"]
[Result "1/2-1/2"]
[WhiteElo "2196"]
[BlackElo "2140"]
[PlyCount "35"]
[EventDate "2020.??.??"]
[SourceVersionDate "2020.03.16"]
[WhiteTeam "Klub Kölner SF 1"]
[BlackTeam "SF Brackel 1"]

1. Nf3 d5 2. d4 Nf6 3. c4 e6 4. Nc3 c5 5. cxd5 cxd4 6. Nxd4 Nxd5 7. Ndb5 Bb4 8.
e4 Nxc3 9. Qxd8+ Kxd8 10. bxc3 Ba5 11. Ba3 Bd7 12. O-O-O Bc7 13. Nd6 Bxd6 14.
Rxd6 Kc7 15. Be2 Bc6 16. f3 Nd7 17. Rhd1 Rad8 18. R6d4 1/2-1/2

[Event "Klub Kölner SF 1 - SF Brackel 1"]
[Site "NRW-Liga - Gruppe 2 2019/2020"]
[Date "2020.03.08"]
[Round "7.7"]
[White "Korten, Lando"]
[Black "Schmidt, Martin"]
[Result "1/2-1/2"]
[WhiteElo "2132"]
[BlackElo "2189"]
[PlyCount "118"]
[EventDate "2020.??.??"]
[SourceVersionDate "2020.03.16"]
[WhiteTeam "SF Brackel 1"]
[BlackTeam "Klub Kölner SF 1"]

1. d4 d5 2. c4 e6 3. Nc3 a6 4. cxd5 exd5 5. Nf3 h6 6. Qb3 Nf6 7. Ne5 c5 8. dxc5
Bxc5 9. Bf4 O-O 10. Rd1 Nc6 11. e3 Qe7 12. Nxc6 bxc6 13. Be2 Bf5 14. Qa4 Qb7
15. Rd2 Rfe8 16. O-O Ne4 17. Rc2 g5 18. Qb3 Qxb3 19. axb3 Bf8 20. Bc7 Ng3 21.
e4 Nxe2+ 22. Rxe2 Bxe4 23. Nxe4 Rxe4 24. Rxe4 dxe4 25. Rc1 c5 26. g4 Rc8 27.
Be5 Bg7 28. Bxg7 Kxg7 29. Ra1 Rc6 30. Ra4 Rb6 31. Rxe4 Rxb3 32. Re2 f5 33. gxf5
Kf6 34. Re6+ Kxf5 35. Rc6 Rxb2 36. Rxc5+ Kf4 37. Rc6 a5 38. Rxh6 a4 39. Ra6 Ra2
40. Kg2 g4 41. Ra5 Ra3 42. Rc5 Ra1 43. Rc4+ Kg5 44. Rc5+ Kf4 45. Rc4+ Kf5 46.
Rc5+ Ke4 47. Rc4+ Kd3 48. Rxg4 a3 49. Ra4 Kc3 50. h4 Kb3 51. Ra8 Rb1 52. Rb8+
Ka2 53. Ra8 Rb4 54. h5 Kb3 55. h6 a2 56. h7 Rh4 57. Rb8+ Kc2 58. Ra8 Kb3 59.
Rb8+ Kc2 1/2-1/2

[Event "Klub Kölner SF 1 - SF Brackel 1"]
[Site "NRW-Liga - Gruppe 2 2019/2020"]
[Date "2020.03.08"]
[Round "7.8"]
[White "Maric, Boris"]
[Black "Strathoff, Martin"]
[Result "0-1"]
[WhiteElo "2076"]
[BlackElo "2050"]
[PlyCount "62"]
[EventDate "2020.??.??"]
[SourceVersionDate "2020.03.16"]
[WhiteTeam "Klub Kölner SF 1"]
[BlackTeam "SF Brackel 1"]

1. d4 d5 2. c4 e6 3. Nc3 Nf6 4. cxd5 exd5 5. Bg5 c6 6. e3 Bf5 7. Qf3 Bg6 8.
Bxf6 gxf6 9. h4 Qb6 10. O-O-O h5 11. Qxf6 Rg8 12. Bd3 Nd7 13. Qf3 a5 14. Nge2
a4 15. e4 a3 16. b3 dxe4 17. Bxe4 O-O-O 18. Nf4 Bb4 19. Na4 Qa5 20. Kb1 Bxe4+
21. Qxe4 Nf6 22. Qc2 Rd6 23. Nc5 Rgd8 24. Ne4 Rxd4 25. Nxf6 Rxf4 26. Rxd8+ Qxd8
27. Ne4 Qh8 28. f3 f5 29. Nd2 Rd4 30. Qxf5+ Kb8 31. Nc4 Rxc4 0-1

[Event "Kölner SK Dr. Lasker 1 - SK Königsspr"]
[Site "NRW-Liga - Gruppe 2 2019/2020"]
[Date "2020.03.08"]
[Round "7.1"]
[White "Scheider, Julian"]
[Black "Paris, Michael"]
[Result "1-0"]
[WhiteElo "2291"]
[BlackElo "2194"]
[PlyCount "59"]
[EventDate "2020.??.??"]
[SourceVersionDate "2020.03.16"]
[WhiteTeam "SK Königsspringer Iserlohn 1"]
[BlackTeam "Kölner SK Dr. Lasker 1"]

1. e4 e5 2. Nf3 Nf6 3. Nxe5 d6 4. Nf3 Nxe4 5. Nc3 Nxc3 6. dxc3 Be7 7. Be3 Nd7
8. Qd2 O-O 9. O-O-O Nf6 10. h4 Be6 11. Kb1 c5 12. Ng5 Qa5 13. Nxe6 fxe6 14. g4
Ne4 15. Qd3 d5 16. Bg2 Nd6 17. f4 Kh8 18. Bc1 Nb5 19. c4 dxc4 20. Qxc4 Bf6 21.
a4 Nc7 22. g5 Be7 23. Rd7 Rfe8 24. h5 Rad8 25. Rhd1 b5 26. axb5 Rxd7 27. Rxd7
Qxb5 28. Qxb5 Nxb5 29. Bc6 Nd4 30. Rxd4 1-0

[Event "Kölner SK Dr. Lasker 1 - SK Königsspr"]
[Site "NRW-Liga - Gruppe 2 2019/2020"]
[Date "2020.03.08"]
[Round "7.2"]
[White "Bussard, Christian"]
[Black "Schmuecker, Marcus"]
[Result "1-0"]
[WhiteElo "2221"]
[BlackElo "2190"]
[PlyCount "69"]
[EventDate "2020.??.??"]
[SourceVersionDate "2020.03.16"]
[WhiteTeam "Kölner SK Dr. Lasker 1"]
[BlackTeam "SK Königsspringer Iserlohn 1"]

1. d4 Nf6 2. Bg5 d5 3. Bxf6 exf6 4. e3 Bd6 5. c4 dxc4 6. Bxc4 O-O 7. Nf3 f5 8.
O-O Nd7 9. Nc3 c6 10. a3 Nf6 11. Re1 Ne4 12. g3 Qe7 13. Bf1 Be6 14. Nxe4 fxe4
15. Nd2 f5 16. Bc4 Kh8 17. Bxe6 Qxe6 18. Qb3 Qf7 19. Rac1 Rad8 20. Rc2 Rd7 21.
Qxf7 Rfxf7 22. Kg2 g5 23. g4 Rde7 24. gxf5 Rxf5 25. h3 Kg7 26. Rg1 Kg6 27. Kf1
h5 28. Ke2 Rd5 29. Rg2 Kf5 30. Rc1 c5 31. Nb3 cxd4 32. Nxd4+ Kf6 33. Rc8 Be5
34. Rf8+ Kg6 35. Rf5 1-0

[Event "Kölner SK Dr. Lasker 1 - SK Königsspr"]
[Site "NRW-Liga - Gruppe 2 2019/2020"]
[Date "2020.03.08"]
[Round "7.3"]
[White "Messarius, Juergen"]
[Black "Nagel, Bernhard"]
[Result "1/2-1/2"]
[WhiteElo "2128"]
[BlackElo "2179"]
[PlyCount "31"]
[EventDate "2020.??.??"]
[SourceVersionDate "2020.03.16"]
[WhiteTeam "SK Königsspringer Iserlohn 1"]
[BlackTeam "Kölner SK Dr. Lasker 1"]

1. e4 e5 2. Nf3 Nc6 3. d4 exd4 4. Nxd4 Bc5 5. Be3 Qf6 6. c3 Nge7 7. Bc4 O-O 8.
O-O b6 9. Qd2 Bb7 10. b4 Bxd4 11. cxd4 d5 12. exd5 Nf5 13. Nc3 Ncxd4 14. Bxd4
Qxd4 15. Qxd4 Nxd4 16. Rac1 1/2-1/2

[Event "Kölner SK Dr. Lasker 1 - SK Königsspr"]
[Site "NRW-Liga - Gruppe 2 2019/2020"]
[Date "2020.03.08"]
[Round "7.4"]
[White "Pawelzik, Malte"]
[Black "Kind, Bertram"]
[Result "1/2-1/2"]
[WhiteElo "2153"]
[BlackElo "2070"]
[PlyCount "78"]
[EventDate "2020.??.??"]
[SourceVersionDate "2020.03.16"]
[WhiteTeam "Kölner SK Dr. Lasker 1"]
[BlackTeam "SK Königsspringer Iserlohn 1"]

1. e4 c5 2. Nf3 Nc6 3. d4 cxd4 4. Nxd4 Nf6 5. Nc3 e6 6. Ndb5 Bb4 7. a3 Bxc3+ 8.
Nxc3 d5 9. exd5 exd5 10. Bd3 O-O 11. O-O d4 12. Ne2 Bg4 13. f3 Bh5 14. Bg5 Bg6
15. Bh4 Qb6 16. Bf2 Qxb2 17. Bxg6 hxg6 18. Qd2 Qb6 19. Nxd4 Nxd4 20. Bxd4 Qc6
21. Rab1 b6 22. Rfd1 Rac8 23. c3 Rfe8 24. Re1 Rxe1+ 25. Rxe1 Re8 26. Rxe8+ Qxe8
27. Kf2 Qa4 28. Qb2 Nd5 29. g3 Nc7 30. Qb4 Qc2+ 31. Kg1 Qd1+ 32. Kg2 Qe2+ 33.
Bf2 Qd2 34. c4 Qc2 35. c5 Na6 36. Qg4 Nxc5 37. Qc8+ Kh7 38. Qh3+ Kg8 39. Qc8+
Kh7 1/2-1/2

[Event "Kölner SK Dr. Lasker 1 - SK Königsspr"]
[Site "NRW-Liga - Gruppe 2 2019/2020"]
[Date "2020.03.08"]
[Round "7.5"]
[White "Klauke, Stefan"]
[Black "Lindam, Ingo"]
[Result "1/2-1/2"]
[WhiteElo "2093"]
[BlackElo "2169"]
[PlyCount "51"]
[EventDate "2020.??.??"]
[SourceVersionDate "2020.03.16"]
[WhiteTeam "SK Königsspringer Iserlohn 1"]
[BlackTeam "Kölner SK Dr. Lasker 1"]

1. d4 Nf6 2. Nc3 d5 3. Bg5 Nbd7 4. e3 e6 5. Bd3 c5 6. dxc5 Nxc5 7. Bb5+ Bd7 8.
Bxd7+ Qxd7 9. Bxf6 gxf6 10. Nge2 Bd6 11. Qd4 Qe7 12. O-O Be5 13. Qb4 a6 14.
Rfd1 f5 15. Nd4 Ne4 16. Qa4+ b5 17. Ndxb5 O-O 18. Nd4 Bxh2+ 19. Kxh2 Qh4+ 20.
Kg1 Qxf2+ 21. Kh2 Qg3+ 22. Kh1 Nf2+ 23. Kg1 Nh3+ 24. Kh1 Nf2+ 25. Kg1 Nh3+ 26.
Kh1 1/2-1/2

[Event "Kölner SK Dr. Lasker 1 - SK Königsspr"]
[Site "NRW-Liga - Gruppe 2 2019/2020"]
[Date "2020.03.08"]
[Round "7.6"]
[White "Cramer, Volker"]
[Black "Runtemund, Rene"]
[Result "1/2-1/2"]
[WhiteElo "2119"]
[BlackElo "2023"]
[Annotator "Daniel"]
[PlyCount "56"]
[EventDate "2020.??.??"]
[SourceVersionDate "2020.03.16"]
[WhiteTeam "Kölner SK Dr. Lasker 1"]
[BlackTeam "SK Königsspringer Iserlohn 1"]

1. d4 e6 2. Nf3 d5 3. g3 f5 4. Bg2 Nf6 5. c4 c6 6. O-O Bd6 7. Bf4 O-O 8. Nbd2
Ne4 9. Qc2 Qe7 10. a3 Nd7 11. b4 Ndf6 12. Bxd6 Qxd6 13. e3 Bd7 14. Ne5 Be8 15.
Rfb1 Bh5 16. c5 Qc7 17. b5 Ng4 18. Nxg4 Bxg4 19. bxc6 bxc6 20. Nf3 Bxf3 21.
Bxf3 Ng5 $11 22. Bg2 e5 23. f4 exf4 24. gxf4 Ne4 25. Bxe4 fxe4 26. Qg2 Rf6 27.
Qh3 Raf8 28. Kh1 Rh6 1/2-1/2

[Event "Kölner SK Dr. Lasker 1 - SK Königsspr"]
[Site "NRW-Liga - Gruppe 2 2019/2020"]
[Date "2020.03.08"]
[Round "7.7"]
[White "Franz, Christian"]
[Black "Hoeren, Andreas"]
[Result "1/2-1/2"]
[WhiteElo "2026"]
[BlackElo "2092"]
[PlyCount "154"]
[EventDate "2020.??.??"]
[SourceVersionDate "2020.03.16"]
[WhiteTeam "SK Königsspringer Iserlohn 1"]
[BlackTeam "Kölner SK Dr. Lasker 1"]

1. c4 d6 2. Nc3 e5 3. g3 f5 4. Bg2 Nf6 5. d4 Be7 6. dxe5 dxe5 7. Qxd8+ Bxd8 8.
e4 c6 9. Bh3 Na6 10. exf5 Nb4 11. Kd2 O-O 12. a3 Na6 13. Kc2 b5 14. Be3 bxc4
15. Nf3 Re8 16. Nd2 Nc7 17. Nxc4 Ba6 18. Nd6 Rf8 19. Rhe1 Ncd5 20. Bc5 Nd7 21.
Nde4 Re8 22. Rad1 Bb6 23. Bxb6 N7xb6 24. Nc5 Bc4 25. Ne6 Rab8 26. Rd2 Nxc3 27.
Kxc3 Bd5 28. b3 Nd7 29. b4 Nb6 30. Nc5 Nc4 31. Ra2 Nd6 32. Raa1 Nb5+ 33. Kb2 a5
34. Nd7 Rb7 35. Rxe5 Rxe5 36. Nxe5 Nd6 37. Nd3 Nc4+ 38. Kc3 Re7 39. Nf4 axb4+
40. Kxb4 Rb7+ 41. Kc3 Na5 42. Nxd5 cxd5 43. Bg2 Rc7+ 44. Kd3 Rc5 45. Rb1 Nc6
46. f4 Kf8 47. Rb7 Ra5 48. Rb3 Ke7 49. g4 Kd6 50. Ke3 Ra7 51. Rd3 Ra5 52. h4 h5
53. g5 Ne7 54. Bh3 Ra4 55. Kf3 Nc6 56. Kg3 Nd4 57. Re3 Ra7 58. f6 gxf6 59. f5
Rg7 60. g6 Ra7 61. Kf2 Kc5 62. Rc3+ Kd6 63. Re3 Kc5 64. a4 Rxa4 65. g7 Ra2+ 66.
Kg3 Ra8 67. Re7 Rg8 68. Rf7 Nc6 69. Kf4 d4 70. Bf1 Nb4 71. Be2 d3 72. Bxh5 Nd5+
73. Kg3 d2 74. Bf3 Ne3 75. Kf4 Nd5+ 76. Kg3 Ne3 77. Kf4 Nd5+ 1/2-1/2

[Event "Kölner SK Dr. Lasker 1 - SK Königsspr"]
[Site "NRW-Liga - Gruppe 2 2019/2020"]
[Date "2020.03.08"]
[Round "7.8"]
[White "Mews, Bernhard"]
[Black "Meinecke, Gerd"]
[Result "0-1"]
[WhiteElo "1975"]
[BlackElo "1962"]
[PlyCount "144"]
[EventDate "2020.??.??"]
[SourceVersionDate "2020.03.16"]
[WhiteTeam "Kölner SK Dr. Lasker 1"]
[BlackTeam "SK Königsspringer Iserlohn 1"]

1. d4 d5 2. Nc3 c6 3. Bf4 Bf5 4. f3 Nf6 5. g4 Bg6 6. h4 h5 7. g5 Nfd7 8. e3 e6
9. Bd3 Bxd3 10. Qxd3 Bb4 11. Nge2 Qe7 12. O-O-O Na6 13. e4 Bd6 14. e5 Bc7 15.
g6 O-O-O 16. gxf7 Qxf7 17. Bg5 Rdf8 18. Nf4 Rhg8 19. a3 Bd8 20. Ng6 Re8 21. f4
Nf8 22. Nxf8 Rexf8 23. Rdf1 Qf5 24. Qxf5 Rxf5 25. Ne2 g6 26. Bxd8 Kxd8 27. Rhg1
Ke7 28. Rf3 Rf7 29. Rfg3 Rfg7 30. Rb3 Rb8 31. a4 Kf7 32. Rbg3 Rc8 33. Rg5 c5
34. f5 exf5 35. Nf4 Rcg8 36. Nxd5 cxd4 37. Nf6 Rh8 38. Re1 Ke6 39. Rg3 Nc5 40.
a5 Kf7 41. Nd5 Ne4 42. Rg2 g5 43. hxg5 Ke6 44. Nf4+ Kxe5 45. Nd3+ Kd6 46. g6 h4
47. Nf4 h3 48. Rh2 Rh4 49. Rf1 Ke5 50. Nd3+ Kf6 51. Nf4 Ng5 52. Kd2 Ne6 53.
Nxe6 Kxe6 54. Rf3 Rxg6 55. Rfxh3 Rxh3 56. Rxh3 Rg7 57. Kd3 Ke5 58. Rh4 Rd7 59.
Ke2 Rg7 60. Kf3 Rc7 61. Rh2 Rc5 62. Re2+ Kf6 63. Rd2 Ke5 64. Re2+ Kd5 65. b3
Rxa5 66. Kf4 Kd6 67. Rd2 Rd5 68. Rh2 d3 69. cxd3 Rxd3 70. Rb2 Kc5 71. Kxf5 Kb4
72. Rc2 Rxb3 0-1

[Event "SVG Alsdorf 1 - SF Gerresheim 1"]
[Site "NRW-Liga - Gruppe 2 2019/2020"]
[Date "2020.03.08"]
[Round "7.1"]
[White "Dresen, Ulrich"]
[Black "Draftian, Ashote"]
[Result "0-1"]
[WhiteElo "2201"]
[BlackElo "2236"]
[PlyCount "70"]
[EventDate "2020.??.??"]
[SourceVersionDate "2020.03.16"]
[WhiteTeam "SF Gerresheim 1"]
[BlackTeam "SVG Alsdorf 1"]

1. d4 f5 2. Nc3 d5 3. Bf4 e6 4. e3 a6 5. Nf3 Nf6 6. Bd3 c5 7. O-O Be7 8. b3 O-O
9. Ne2 Nc6 10. c4 Nb4 11. Bb1 Ne4 12. a3 Nc6 13. Ne5 Nxe5 14. Bxe5 b6 15. f3
Nf6 16. a4 Bb7 17. Nf4 Qd7 18. Qe2 Rac8 19. Bd3 a5 20. Rad1 g5 21. Nh3 h6 22.
Nf2 Bd6 23. Qb2 Bxe5 24. dxe5 Nh5 25. Qc2 Ng7 26. e4 d4 27. exf5 exf5 28. Rfe1
Rce8 29. h4 Qf7 30. hxg5 hxg5 31. Nh3 Qh5 32. Qd2 Ne6 33. f4 g4 34. Ng5 Nxg5
35. fxg5 g3 0-1